Top 10 des émissions préférés des Français (France,Ville.) - Statistiques

Statistiques générales
  • Ce quiz a été pris 81 fois
  • Le résultat moyen est 2 sur 10
Statistiques - réponses
Chaine Programme % Correct
TF1 Koh-Lanta
67%
TF1 Les 12 coups de midi
57%
M6 Pékin Express
28%
M6 L’amour est dans le pré
19%
France 5 C dans l’air
11%
France 5 Échappées belles
8%
France 2 Rendez-vous en terre inconnue
6%
M6 Turbo
3%
M6 Capital
1%
France 3 Secrets d’Histoire
1%
Aucun quiz correspondant
Distribution des résultats
% des personnes avec chaque résultat
Percentile par nombre de réponses
Votre historique - résultats
Vous n’avez pas pris ce quiz